000 00387 a2200169 4500
001 127894
020 _a9788596016339
040 _cEscola Canadense de Niteroi
090 _aTeachers
100 _aEdilson Adão Cândido da Silva
245 1 0 _aGeografia 5: Edilson e Laercio
250 _a1. ed.
260 _aSão Paulo
362 0 _a2018
650 4 _aGeografia
942 _cBK
999 _c127894
_d127894